01275cam a22002657a 45000010009000000050017000090080041000260100017000670200018000840200015001020420014001170500022001312450062001532460043002152600058002583000041003165000187003575050205005446000034007496000051007836000032008346000030008667100032008968560081009281507126020170117110005.0071105s2006 nyua bc 000 0deng d a 2007299938 a9780892073559 a0892073551 alccopycat00aN6537.B223A4 200600aBarney / Beuys :ball in the present must be transformed.10aAll in the present must be transformed aNew York :bSolomon R. Guggenheim Foundation,cc2006. a164 p. :bill. (some col.) ;c25 cm. aPublished on the occasion of the exhibition All in the Present Must be Transformed: Matthew Barney and Joseph Beuys, Deutsche Guggenheim, Berlin, October 28, 2006 - January 12, 2007.0 ain potentia: Matthew Barney and Joseph Beuys / Nancy Spector -- Drawings -- Forgery / Mark C. Taylor -- Notes from the laboratory / Christian Scheidemann -- Ritual space/sculptural time / Nat Trotman.10aBarney, MatthewvExhibitions.10aBarney, MatthewxCriticism and interpretation.10aBeuys, JosephvExhibitions.10aBeuys, JosephxInfluence.2 aDeutsche Guggenheim Berlin.413Table of contents onlyuhttp://www.loc.gov/catdir/toc/fy0805/2007299938.html